| 000 | 00705nam a22001815i 4500 | ||
|---|---|---|---|
| 001 | 162859 | ||
| 003 | ES-MaACL | ||
| 005 | 20230906212622.0 | ||
| 008 | 010517s1884 it |||| | ita d | ||
| 040 |
_aCCPB | B _bspa _cCCPB | B |
||
| 100 | 1 |
_aRabbeno, Aronne. _9131546 |
|
| 245 | 1 | 0 |
_aCorso di scienza di amministrazione sociale _b: parte speciale : ingerenza governativa sui diritti d'autore ed opere d'ingegno brevetti d'invenzione, marchi di fabbrica, ... / _cper Aronne Rabbeno. |
| 260 |
_aFirenze : _bGiuseppe Pellas, _c1884. |
||
| 300 |
_a302 p. ; _c21 cm. |
||
| 650 | 4 |
_aPropiedad industrial- _zItalia. _9136775 |
|
| 752 |
_aItalia - _dFlorencia |
||
| 852 |
_aES-MaACL _jF-12944 _z-- Enc. pasta |
||
| 999 |
_c162859 _d162859 |
||